000 00294nam a2200121 a 4500
005 20140412111327.0
008 100730s19uu xx 00 eng d
050 _aER
_bQu4 1993
100 _aMurphy, Jill
245 _aA quiet night in.
260 _aLOndon :
_bWalker,
_c1993.
999 _c104700
_d104700